Trouver les 15 pays manquants (medium) - Statistiques

Statistiques générales
  • Ce quiz a été pris 74 fois
  • Le résultat moyen est 10 sur 15
Réponses sur la Carte
Les réponses sont colorées sur une échelle allant du rouge au vert en fonction du pourcentage des utilisateurs qui les ont devinées à leur premier essai. Vous pouvez retrouver ces pourcentages ci-dessous.
 
Statistiques - réponses
Réponses % Correct
Japon
92%
Panama
91%
Corée du Sud
85%
Chili
77%
Danemark
72%
Madagascar
71%
Madagascar
71%
Gabon
66%
Grèce
65%
Irlande
62%
Vietnam
60%
Érythrée
58%
Cuba
55%
Émirats arabes unis
55%
Géorgie
54%
Aucun quiz correspondant
Distribution des résultats
% des personnes avec chaque résultat
Percentile par nombre de réponses
Votre historique - résultats
Vous n’avez pas pris ce quiz